[Event "Buenos Aires Bolivar op 4th"]
[Site "Buenos Aires"]
[Date "2011.06.21"]
[Round "7"]
[White "Campos, Nicolas"]
[Black "Del Cuadro, Nestor"]
[Result "0-1"]
[WhiteElo "1668"]
[BlackElo "2065"]
[PlyCount "58"]
[EventDate "2011.06.13"]
[EventType "swiss"]
[EventRounds "9"]
[EventCountry "ARG"]
[SourceTitle "EXT 2014"]
[Source "ChessBase"]
[SourceDate "2013.11.20"]
[SourceVersion "1"]
[SourceVersionDate "2013.11.20"]
[SourceQuality "1"]

1. e4 c5 2. Nf3 Nc6 3. d4 cxd4 4. Nxd4 Qb6 5. Nb3 Nf6 6. Nc3 e6 7. Be3 Qc7 8. Be2 Bb4 9. f3 d5 10. exd5 Nxd5 11. Bd2 Nxc3 12. bxc3 Bd6 13. h3 Bg3+ 14. Kf1 0-0 15. Be1 Rd8 16. Qc1 Bxe1 17. Qxe1 b6 18. Kf2 Bb7 19. Rf1 Rac8 20. Kg1 Ne5 21. f4 Ng6 22. Bd3 Qxc3 23. Qxc3 Rxc3 24. f5 exf5 25. Rxf5 Bxg2 26. Kxg2 Rcxd3 27. cxd3 Nh4+ 28. Kh2 Nxf5 29. Re1 Kf8 0-1

[Event "Buenos Aires Bolivar op 4th"]
[Site "Buenos Aires"]
[Date "2011.06.20"]
[Round "6"]
[White "Ravier, Osvaldo"]
[Black "Campos, Nicolas"]
[Result "0-1"]
[WhiteElo "1873"]
[BlackElo "1668"]
[PlyCount "48"]
[EventDate "2011.06.13"]
[EventType "swiss"]
[EventRounds "9"]
[EventCountry "ARG"]
[SourceTitle "EXT 2014"]
[Source "ChessBase"]
[SourceDate "2013.11.20"]
[SourceVersion "1"]
[SourceVersionDate "2013.11.20"]
[SourceQuality "1"]

1. e4 e5 2. Nf3 Nc6 3. Bb5 a6 4. Ba4 Nf6 5. 0-0 d6 6. Re1 b5 7. Bb3 Be7 8. c3 0-0 9. h3 Na5 10. Bc2 c5 11. d4 Nd7 12. Nbd2 exd4 13. cxd4 Nc6 14. Nf1 cxd4 15. Nxd4 Nxd4 16. Qxd4 Ne5 17. Rb1 Bxh3 18. Be3 Bf6 19. Qd1 Bg4 20. f3 Be6 21. b3 Qe7 22. Kh1 Rac8 23. Re2 Ng6 24. f4 Bg4 0-1

[Event "Buenos Aires Bolivar op 4th"]
[Site "Buenos Aires"]
[Date "2011.06.17"]
[Round "5"]
[White "Campos, Nicolas"]
[Black "Quinzio, Martin Javier"]
[Result "0-1"]
[WhiteElo "1668"]
[BlackElo "2008"]
[PlyCount "88"]
[EventDate "2011.06.13"]
[EventType "swiss"]
[EventRounds "9"]
[EventCountry "ARG"]
[SourceTitle "EXT 2014"]
[Source "ChessBase"]
[SourceDate "2013.11.20"]
[SourceVersion "1"]
[SourceVersionDate "2013.11.20"]
[SourceQuality "1"]

1. e4 e5 2. Nf3 Nf6 3. Nc3 Nc6 4. Bc4 Bc5 5. d3 h6 6. Be3 Bb6 7. h3 d6 8. 0-0 0-0 9. Ne2 d5 10. exd5 Nxd5 11. Bxb6 axb6 12. Ng3 Nf4 13. Re1 Re8 14. Qd2 Qf6 15. d4 Nxh3+ 16. Kf1 Ng5 17. Nxe5 Be6 18. Bxe6 Rxe6 19. f4 Nh7 20. Qf2 Nxe5 21. dxe5 Qe7 22. Nf5 Qc5 23. Nd4 Ree8 24. c3 Qc4+ 25. Qe2 Qxe2+ 26. Rxe2 c6 27. Nf5 Rad8 28. Nd6 Re7 29. Rd1 Nf8 30. Red2 g6 31. Nc4 Rxd2 32. Rxd2 b5 33. Nd6 Ne6 34. g3 Rd7 35. Ke2 Kf8 36. Ke3 Ng7 37. Rd3 h5 38. Ke4 Ne8 39. Rd4 Nxd6+ 40. Rxd6 Rxd6 41. exd6 f6 42. Kd4 Ke8 43. a3 Kd7 44. Kc5 b6+ 0-1

[Event "Buenos Aires Bolivar op 4th"]
[Site "Buenos Aires"]
[Date "2011.06.15"]
[Round "3"]
[White "Campos, Nicolas"]
[Black "Romano, Guillermo"]
[Result "1-0"]
[WhiteElo "1668"]
[BlackElo "1865"]
[PlyCount "55"]
[EventDate "2011.06.13"]
[EventType "swiss"]
[EventRounds "9"]
[EventCountry "ARG"]
[SourceTitle "EXT 2014"]
[Source "ChessBase"]
[SourceDate "2013.11.20"]
[SourceVersion "1"]
[SourceVersionDate "2013.11.20"]
[SourceQuality "1"]

1. e4 c6 2. d4 d5 3. Nc3 dxe4 4. Nxe4 Bf5 5. Ng3 Bg6 6. h4 h6 7. Nf3 Nd7 8. h5 Bh7 9. Bd3 Bxd3 10. Qxd3 e6 11. Bf4 Qa5+ 12. Bd2 Qc7 13. 0-0-0 Ngf6 14. Kb1 Bd6 15. Ne4 Nxe4 16. Qxe4 Nf6 17. Qe2 0-0-0 18. g3 Rhe8 19. c4 c5 20. dxc5 Bxc5 21. Bf4 Bd6 22. Rxd6 Rxd6 23. c5 e5 24. cxd6 Qxd6 25. Rc1+ Kd7 26. Rd1 Nd5 27. Qb5+ Qc6 28. Rxd5+ 1-0

[Event "Buenos Aires Bolivar op 4th"]
[Site "Buenos Aires"]
[Date "2011.06.13"]
[Round "1"]
[White "Campos, Nicolas"]
[Black "Fernandez, Marcelo Fabian"]
[Result "0-1"]
[WhiteElo "1668"]
[BlackElo "2086"]
[PlyCount "54"]
[EventDate "2011.06.13"]
[EventType "swiss"]
[EventRounds "9"]
[EventCountry "ARG"]
[SourceTitle "EXT 2014"]
[Source "ChessBase"]
[SourceDate "2013.11.20"]
[SourceVersion "1"]
[SourceVersionDate "2013.11.20"]
[SourceQuality "1"]

1. e4 c5 2. Nf3 d6 3. d4 cxd4 4. Nxd4 Nf6 5. Nc3 a6 6. Bc4 e6 7. Bb3 Be7 8. 0-0 0-0 9. f4 Nbd7 10. Qf3 Nc5 11. Be3 Qc7 12. a4 b6 13. Rad1 Bb7 14. Bd2 Rfe8 15. Ba2 Qd7 16. b3 b5 17. b4 Nxa4 18. Nxa4 bxa4 19. Qd3 Bf8 20. Bc3 Rac8 21. Ba1 d5 22. exd5 Nxd5 23. c3 Qc7 24. Bb1 g6 25. Ne2 Qb6+ 26. Kh1 Ne3 27. Rg1 Ng4 0-1